Les régimes politiques en France depuis 1789 - Statistiques

Statistiques générales
  • Ce quiz a été pris 1 048 fois
  • Le résultat moyen est 12 sur 17
Statistiques - réponses
Période Régime % Correct
1870 - 1940 IIIe République
92%
1792 - 1804 Iere République
91%
1848 - 1852 IIe République
91%
1958 - Ve République
90%
1946 - 1958 IVe République
89%
1804 - 1814 Premier Empire
84%
1852 - 1870 Second Empire
84%
1940 - 1944 Régime de Vichy
75%
1814 - 1830 Restauration
70%
--------- 1799 - 1804 Consulat
68%
1830 - 1848 Monarchie de Juillet
68%
1791 - 1792 Monarchie Constitutionnelle
66%
--------- 1795 - 1799 Directoire
58%
1789 - 1791 Monarchie Absolue de l’Ancien Régime
51%
(1815) Cent-Jours
32%
--------- 1792 - 1795 Convention
32%
1944 - 1946 Gouvernement Provisoire de la RépubliqueFrançaise
28%
Aucun quiz correspondant
Distribution des résultats
% des personnes avec chaque résultat
Percentile par nombre de réponses
Votre historique - résultats
Vous n’avez pas pris ce quiz